| 000 | 00807nam a2200217 a 4500 | ||
|---|---|---|---|
| 999 |
_c2058 _d2058 |
||
| 005 | 20180803164948.0 | ||
| 008 | 140304b1994 ck ||||| |||| 00| 0 spa d | ||
| 040 |
_aCO-BoIAVH _cCO-BoIAVH |
||
| 041 | _aspa | ||
| 044 | _ack | ||
| 090 |
_aIND-I _b68 |
||
| 100 | _aCorrea Henao, Néstor Raúl | ||
| 245 | 1 |
_aEstado e indígenas frente al ambiente: _brégimen jurídico de los recursos naturales renovables ubicados en áreas en las que se superponen territorios indígenas e intervención estatal |
|
| 260 |
_aBogotá _bInderena _bFundación Natura _bFundación Biológica Puerto Rastrojo _bPNUD _c1994 |
||
| 300 | _a45. páginas | ||
| 650 | 1 | 4 | _aComunidades indígenas |
| 650 | 1 | 4 | _aMedio ambiente |
| 650 | 1 | 4 | _aLegislación ambiental |
| 662 | _aColombia | ||
| 942 |
_cINFORME _2z |
||